| 000 | 00844nam a22002651 4500 | ||
|---|---|---|---|
| 001 | 34815 | ||
| 003 | BD-RjUL | ||
| 005 | 20211209052221.0 | ||
| 008 | 140217s19661963mau 001 0 eng | ||
| 035 | _a(BD-RjUL)34909 | ||
| 040 |
_aDLC _cDLC _dDLC _dBD-RjUL _beng |
||
| 041 | 1 | _aengger | |
| 082 | 0 | 0 |
_a301 _bWES 1963 |
| 100 | 1 |
_aWeber, Max _d1864-1920. _953864 |
|
| 245 | 1 | 4 |
_aThe sociology of religion / _cTranslated by Ephraim Fischoff. Introd. by Talcott Parsons. |
| 250 | _a4th ed. | ||
| 260 |
_aLondon : _bMethuen & Co Ltd.,, _cc1963. |
||
| 300 |
_alxvii, 308 p. ; _c22 cm. |
||
| 500 | _a"First published in Germany, in 1922 ... under the title 'Religionssoziologie,' from Wirtschaft und Gesellschaft." | ||
| 504 | _aIncludes index. | ||
| 650 | 0 |
_a sociology _95230 |
|
| 942 |
_2ddc _cBK |
||
| 999 |
_c34815 _d34815 |
||